| 000 | 00441nam a2200133Ia 4500 | ||
|---|---|---|---|
| 008 | 220216s9999 xx 000 0 und d | ||
| 100 |
_aNair _BM K B |
||
| 245 | 0 | _aSmallest economically viable block rubber processing unit under Indian conditions | |
| 260 |
_bProgress and development of rubber smallholders: Proceedings, Third Seminar, Cochin, 1977 _c1979 |
||
| 300 | _a89-99 | ||
| 700 | _aGeorge P U | ||
| 700 | _aThomas E V | ||
| 942 | _cJS | ||
| 999 |
_c68763 _d68763 |
||